| 000 -LEADER |
| fixed length control field |
00902nam a22001577a 4500 |
| 003 - CONTROL NUMBER IDENTIFIER |
| control field |
OSt |
| 005 - DATE AND TIME OF LATEST TRANSACTION |
| control field |
20151030154605.0 |
| 008 - FIXED-LENGTH DATA ELEMENTS--GENERAL INFORMATION |
| fixed length control field |
151030b xxu||||| |||| 00| 0 eng d |
| 040 ## - CATALOGING SOURCE |
| Transcribing agency |
RUA |
| 082 ## - DEWEY DECIMAL CLASSIFICATION NUMBER |
| Classification number |
ATM.s CHHA 2004 B057 Or.1 |
| 100 ## - MAIN ENTRY--PERSONAL NAME |
| 9 (RLIN) |
3073 |
| Personal name |
CHHAY, SOTHEARY. |
| 245 ## - TITLE STATEMENT |
| Title |
Astudy on the effetc of using different crop protection methods (biological chemical pesticides and net) to control insect pesticides on chinese kale in kandal province, ការសិក្សាពីប្រសិទ្ធភាពនៃវិធីសាស្រ្តការពារដំណាំដោយប្រើថ្នាំជីវសាស្រ្ត ថ្នាំគីមី និងសំណាញ់ទៅលើដំណាំខាត់ណាឈើ ក្នុងខេត្តកណ្ដាល |
| 260 ## - PUBLICATION, DISTRIBUTION, ETC. (IMPRINT) |
| Place of publication, distribution, etc. |
Phnom Penh |
| Name of publisher, distributor, etc. |
RUA |
| Date of publication, distribution, etc. |
2004 |
| 300 ## - PHYSICAL DESCRIPTION |
| Extent |
xi, 47p. |
| Other physical details |
ill. |
| Dimensions |
29cm. |
| 942 ## - ADDED ENTRY ELEMENTS (KOHA) |
| Source of classification or shelving scheme |
|
| Koha item type |
ATM.s |